000 00765nam a2200265Ia 4500
003 GCL
008 140319s9999 xx 000 0 ara d
040 _aGCL /
_cGCL
082 0 4 _a250
_bب د
100 1 _aبهاءالدين ابن شداد
245 1 0 _aدلائل الاحكام /
_cبهاءالدين ابن شداد
260 _a[S.N] :
_bدار الكتب العلمية للنشر والتوزيع ،
_c1991
490 _a
650 0 4 _aالصلاة
650 0 4 _aالصوم
650 0 4 _aالزكاة
650 0 4 _aالفقه الاسلامى
650 0 4 _aالجنايات
650 0 4 _aالطهارة
650 0 4 _aالجهاد
650 0 4 _aالجنات
650 0 4 _aمناسك الحج
650 0 4 _aالنكاح
942 _2ddc
_cBK
999 _c53307
_d53307